[Event "Mittelrhein Verbandsliga-W 17/18"]
[Site "Nordrheinwestfalen"]
[Date "2018.05.06"]
[Round "11.8"]
[White "Nagel, Eduard"]
[Black "Pingen, Peter"]
[Result "1-0"]
[WhiteElo "1797"]
[BlackElo "1753"]
[PlyCount "55"]
[EventDate "2017.09.10"]
[EventType "team-tourn"]
[EventRounds "11"]
[EventCountry "GER"]
[SourceTitle "EXT 2022"]
[Source "ChessBase"]
[SourceDate "2021.10.06"]
[SourceVersion "1"]
[SourceVersionDate "2021.10.06"]
[SourceQuality "1"]
[WhiteTeam "Horrem"]
[BlackTeam "Dueren Derichsweiler"]
[WhiteTeamCountry "GER"]
[BlackTeamCountry "GER"]

1. Nf3 d5 2. d4 Nf6 3. c4 e6 4. Nc3 Be7 5. Bf4 c6 6. Qb3 0-0 7. g3 Nbd7 8. Bg2 dxc4 9. Qxc4 Nd5 10. Bd2 N7b6 11. Qb3 Re8 12. e4 Nf6 13. 0-0 c5 14. Bf4 c4 15. Qc2 Nh5 16. Be3 Bd7 17. e5 g6 18. Nd2 Qc7 19. a4 a5 20. Nb5 Bxb5 21. axb5 Rec8 22. Rfc1 Bb4 23. g4 Ng7 24. Ne4 Nd5 25. Bf1 c3 26. Nxc3 Nxc3 27. bxc3 Qxc3 28. Qa2 1-0

[Event "Mittelrhein Verbandsliga-W 17/18"]
[Site "Nordrheinwestfalen"]
[Date "2018.01.14"]
[Round "6.7"]
[White "Krohn, Malte Till"]
[Black "Pingen, Peter"]
[Result "0-1"]
[WhiteElo "1843"]
[BlackElo "1753"]
[PlyCount "88"]
[EventDate "2017.09.10"]
[EventType "team-tourn"]
[EventRounds "11"]
[EventCountry "GER"]
[SourceTitle "EXT 2022"]
[Source "ChessBase"]
[SourceDate "2021.10.06"]
[SourceVersion "1"]
[SourceVersionDate "2021.10.06"]
[SourceQuality "1"]
[WhiteTeam "Aachen PTSV"]
[BlackTeam "Dueren Derichsweiler"]
[WhiteTeamCountry "GER"]
[BlackTeamCountry "GER"]

1. d4 Nf6 2. c4 e5 3. dxe5 Ng4 4. Bf4 Nc6 5. Nf3 Bb4+ 6. Nbd2 Qe7 7. a3 Bxd2+ 8. Qxd2 Ngxe5 9. Nxe5 Nxe5 10. Qc3 d6 11. c5 0-0 12. cxd6 cxd6 13. e3 Bf5 14. Be2 Rfc8 15. Qb3 Bc2 16. Qb4 Rc5 17. 0-0 Bd3 18. Bxd3 Nxd3 19. Qd4 Nxf4 20. Qxf4 Qe5 21. Qf3 Qxb2 22. Rab1 Qxa3 23. Rxb7 Rf8 24. Rd1 Rc1 25. h4 h6 26. g4 a5 27. Kg2 Rxd1 28. Qxd1 Qc5 29. Qb1 a4 30. Rb4 a3 31. Rb3 Ra8 32. Rb8+ Rxb8 33. Qxb8+ Kh7 34. Qb1+ g6 35. Qa2 Kg7 36. Qa1+ Kg8 37. Kh3 Qb4 38. Qf6 a2 39. g5 h5 40. Qd8+ Kh7 41. Qf6 Qg4+ 42. Kh2 Qxh4+ 43. Kg2 Qg4+ 44. Kh2 Qe6 0-1

[Event "Mittelrhein Verbandsliga-W 15/16"]
[Site "Nordrheinwestfalen"]
[Date "2016.01.10"]
[Round "6.5"]
[White "Pingen, Peter"]
[Black "Bausch, Bernd"]
[Result "1/2-1/2"]
[WhiteElo "1753"]
[BlackElo "1789"]
[PlyCount "32"]
[EventDate "2015.09.06"]
[EventType "team-tourn"]
[EventRounds "11"]
[EventCountry "GER"]
[SourceTitle "EXT 2022"]
[Source "ChessBase"]
[SourceDate "2021.10.06"]
[SourceVersion "1"]
[SourceVersionDate "2021.10.06"]
[SourceQuality "1"]
[WhiteTeam "Dueren Derichsweiler"]
[BlackTeam "Lendersdorf"]
[WhiteTeamCountry "GER"]
[BlackTeamCountry "GER"]

1. e4 c5 2. Nf3 e6 3. d4 cxd4 4. Nxd4 Nc6 5. Be2 a6 6. 0-0 Qc7 7. Re1 Nf6 8. Nxc6 bxc6 9. Bf3 e5 10. c4 d6 11. Nc3 Be6 12. Qa4 Bd7 13. Qc2 Be7 14. b3 0-0 15. Bb2 Rfd8 16. Rad1 Be6 1/2-1/2

[Event "Mittelrhein Verbandsliga-W 15/16"]
[Site "Nordrheinwestfalen"]
[Date "2015.09.27"]
[Round "2.4"]
[White "Jablonowski, Christoph"]
[Black "Pingen, Peter"]
[Result "1-0"]
[WhiteElo "2003"]
[BlackElo "1753"]
[PlyCount "81"]
[EventDate "2015.09.06"]
[EventType "team-tourn"]
[EventRounds "11"]
[EventCountry "GER"]
[SourceTitle "EXT 2022"]
[Source "ChessBase"]
[SourceDate "2021.10.06"]
[SourceVersion "1"]
[SourceVersionDate "2021.10.06"]
[SourceQuality "1"]
[WhiteTeam "Aachen SV II"]
[BlackTeam "Dueren Derichsweiler"]
[WhiteTeamCountry "GER"]
[BlackTeamCountry "GER"]

1. d4 d5 2. Nf3 Nf6 3. c4 e6 4. g3 Be7 5. Bg2 0-0 6. 0-0 dxc4 7. Qc2 c6 8. Qxc4 Nbd7 9. Rd1 Re8 10. Nc3 Nf8 11. a4 a5 12. Ne5 Qb6 13. e4 N6d7 14. Nf3 Bb4 15. Be3 Qa6 16. Qb3 b6 17. Rac1 Bb7 18. h4 Rac8 19. h5 h6 20. e5 Qa8 21. Bf4 Red8 22. Ne4 Nb8 23. Bxh6 c5 24. Nd6 Rxd6 25. exd6 gxh6 26. Nh4 Bxg2 27. Nxg2 Qd5 28. Qxd5 exd5 29. Ne3 Rd8 30. dxc5 Bxc5 31. Nf5 Kh7 32. Rxd5 Ne6 33. Rcd1 Nd7 34. Ne7 Ng5 35. Nc6 Ra8 36. Rf5 Kg7 37. Kg2 Ne4 38. Ne5 Nxe5 39. Rxe5 Nxd6 40. Rxc5 bxc5 41. Rxd6 1-0